| 000 | 01303nam a22002417a 4500 | ||
|---|---|---|---|
| 003 | URS | ||
| 005 | 20250317181721.0 | ||
| 008 | 250317b |||||||| |||| 00| 0 eng d | ||
| 050 | 0 | 0 |
_a LG 221.R59 _b.C3525 2022 |
| 245 |
_aChallenges and Opportunities of the new Normal learning modalities among High School Students of Rodriguez/ _cJeraly C. Abonales...[et.al] |
||
| 300 |
_axi, 61 Leaves _bIllustration _c28cm |
||
| 336 |
_2rdacontent _atext |
||
| 337 |
_2rdamedia _aunmediated |
||
| 338 |
_2rdacarrier _avolume |
||
| 502 |
_aUndergraduate Thesis _bBachelor of Secondary Education Major in Filipino _cUniversity of Rizal System, Rodriguez, Rizal _d2022 |
||
| 520 | _aThe study aimed to determine the Challenges and Opportunities of the New Normal Learning Modalities among High School Students in Rodriguez Rizal. This study used the Descriptive-Qualitative method in describing the challenges faced by the high school students of Rodriguez Rizal and opportunities they perceived brought by the new normal learning modalities caused by covid-19 pandemic./ | ||
| 650 | _2challenges and opportunities | ||
| 700 |
_aAlay Dianne A. _eResearcher |
||
| 700 |
_aManlangit Madel V. _eResearcher |
||
| 700 |
_aOepeza Dharlene Monique _eResearcher |
||
| 700 |
_aBuenvie Rody _eAdviser |
||
| 942 |
_2lcc _cT |
||
| 999 |
_c82390 _d82389 |
||